000 00570nam a2200193Ia 4500
999 _c15105
_d15105
003 OSt
005 20201116153800.0
008 190216s9999||||xx |||||||||||||| ||und||
020 _a9780521634533
040 _coclc
082 _a423.1
_bMCC/C
100 _aMccarthy, Michael
_96382
245 0 _aCambridge International Dictionary Of Phrasal Verbs /
_cMichael Mccarthy
250 _a1st Ed.
260 _bCambridge University Press,
_c2005.
_aLondon:
300 _a381p
650 _aEnglish
942 _cBK
_2ddc
_h423.1
_iMCC/C
_k423.1
_mMCC/C